COLLEGE ALGEBRA CUSTOM EDITION FOR ANNE ARUNDEL COMMUNITY COLLEGE / (Record no. 616948)

000 -LEADER
fixed length control field 00414nam a22001457a 4500
020 ## - INTERNATIONAL STANDARD BOOK NUMBER
Qualifying information HB.
040 ## - CATALOGING SOURCE
Transcribing agency FIZZA ISHAQ
082 ## - DEWEY DECIMAL CLASSIFICATION NUMBER
Classification number 512.00
Author Mark ROB
100 ## - MAIN ENTRY--PERSONAL NAME
Personal name BLITZER,ROBERT.
9 (RLIN) 131686
245 ## - TITLE STATEMENT
Title COLLEGE ALGEBRA CUSTOM EDITION FOR ANNE ARUNDEL COMMUNITY COLLEGE /
Statement of responsibility, etc. ROBERT BLITZER.
250 ## - EDITION STATEMENT
Edition statement 5TH ED.
260 ## - PUBLICATION, DISTRIBUTION, ETC.
Place of publication, distribution, etc. NEW YORK ;
Name of publisher, distributor, etc. CUSTOM PUBLISHING,
Date of publication, distribution, etc. 2010.
300 ## - PHYSICAL DESCRIPTION
Extent 752 P. ;
Dimensions 11.5X8.9IN
942 ## - ADDED ENTRY ELEMENTS (KOHA)
Source of classification or shelving scheme
Koha item type Book
Holdings
Withdrawn status Lost status Source of classification or shelving scheme Damaged status Not for loan Permanent Location Current Location Shelving location Date acquired Total Checkouts Full call number Barcode Date last seen Price effective from Koha item type
          NUST Baluchistan Campus (NBC) NUST Baluchistan Campus (NBC) Text Books 04/09/2026   512.00 ROB QD-106 04/09/2026 04/09/2026 Book
© 2023 Central Library, National University of Sciences and Technology. All Rights Reserved.